The Arsenal Multinational XI - Statistics

General Stats
  • This quiz has been taken 68 times
  • The average score is 8 of 11
Answer Stats
Pos. Player Nationality % Correct
GK Jens Lehmann Germany
97%
ST Thierry Henry France
97%
CM Cesc Fabregas Spain
88%
RW Freddie Ljungberg Sweden
81%
RB Kolo Toure Côte d'Ivoire
76%
CB Sol Campbell England
75%
AM Alexander Hleb Belarus
69%
CM Gilberto Silva Brazil
68%
LW Robin van Persie Netherlands
64%
LB Lauren Cameroon
53%
CB Philippe Senderos Switzerland
44%
No matching quizzes found
Score Distribution
Percent of People with Each Score
Percentile by Number Answered
Your Score History
You have not taken this quiz